|
|
|
|
| LEADER |
00000nab a2200000 a 4500 |
| 001 |
vtls000273186 |
| 003 |
SK-MaSNL |
| 005 |
20260302213756.0 |
| 008 |
160215c1987 xo 0 slo |
| 015 |
|
|
|a SNBRB19rr/mm-uuuuu
|
| 035 |
|
|
|a CL0283300
|
| 040 |
|
|
|a SNKBUCL
|b slo
|c SNKBUCL
|e AACR2
|
| 041 |
0 |
|
|a slo
|
| 044 |
|
|
|a xo
|c SK
|
| 080 |
|
|
|a 82:929:885.4
|2 1981
|
| 080 |
|
|
|a 929
|2 1981
|
| 080 |
|
|
|a 885.4
|2 1981
|
| 100 |
1 |
|
|a Lapšanský, Ján
|4 aut
|9 929118
|
| 245 |
1 |
0 |
|a Rozprávanie o rozprávkach
|b Posedenie so spisovateľom Milanom Húževkom
|c Ján Lapšanský ; M. Barica
|
| 300 |
|
|
|b Fot. 2.
|
| 600 |
1 |
7 |
|a Húževka, Milan,
|d 1940-2017
|2 snkbucl
|9 92958
|
| 655 |
|
7 |
|a články z novín a časopisov
|2 snkbucl
|9 267496
|
| 655 |
|
7 |
|a články z odboru literárna veda a krásna literatúra
|2 snkbucl
|9 770045
|
| 700 |
1 |
|
|a Barica, M.
|4 gup
|9 940245
|
| 773 |
0 |
|
|t Život
|g Roč. 37, č. 10 (1987), s. 30
|
| 850 |
|
|
|a Slovenská národná knižnica v Martine
|a MTA001
|
| 852 |
|
|
|a SNK
|b KIS3GCP
|
| 958 |
|
|
|a BX
|
| 958 |
|
|
|a RK
|
| 958 |
|
|
|a LX
|
| 992 |
|
|
|a RBX
|
| 999 |
|
|
|c 1494875
|d 1496805
|